000 00693nam a22002177a 4500
003 0
005 20241028093629.0
008 241028b xxu||||| |||| 00| 0 eng d
020 _a9781119803447
050 _aTH 7703
_b.K37 2024
100 _aKarlen, Mark,
_eauthor.
245 _aLighting design basics /
_cMark Karlen, Christina Spangler.
250 _a4th ed.
260 _aHoboken, New Jersey :
_bJohn Wiley & Sons, Inc.,
_c2024.
300 _avii, 248 p. :
_bcol, ill. ;
_c28 cm.
504 _aIncludes bibliographical references and index.
650 _aLighting.
650 _aLighting, architectural and decorative.
700 _aSpangler, Christina,
_eauthor.
942 _2lcc
_cBK
999 _c366639
_d366639